[Event "Bogota rapid op"]
[White "Urquijo Prada, Santiago"]
[Black "Sanchez Ramirez, Rene"]
[Site "Bogota"]
[Round "2"]
[Result "1-0"]
[Date "2024.09.01"]
[WhiteElo "1925"]
[BlackElo "1467"]
[PlyCount "85"]
[EventDate "2024.09.01"]
[EventType "swiss (rapid)"]
[EventRounds "7"]
[EventCountry "COL"]
[SourceTitle "EXT 2025"]
[Source "ChessBase"]
[SourceDate "2024.10.14"]
[SourceVersion "1"]
[SourceVersionDate "2024.10.14"]
[SourceQuality "1"]

1. Nf3 Nc6 2. b3 b6 3. Bb2 f6 4. d4 a5 5. c4 a4 6. d5 axb3 7. dxc6 dxc6 8. Qxd8+ Kxd8 9. axb3 Rxa1 10. Bxa1 e6 11. e4 Bb4+ 12. Bc3 Bxc3+ 13. Nxc3 Ne7 14. g4 Ba6 15. g5 f5 16. Ne5 Kc8 17. Bg2 b5 18. exf5 exf5 19. c5 Re8 20. Kd2 b4 21. Na2 Nd5 22. Nxc6 Re2+ 23. Kc1 Rxa2 24. Bxd5 Ra1+ 25. Kb2 Ra3 26. Nxb4 Ra5 27. Nxa6 Rxa6 28. c6 Kd8 29. f4 Ke7 30. b4 Kd6 31. Rd1 Ra8 32. b5 Ra5 33. Kc3 Rxb5 34. Bc4+ Kxc6 35. Bxb5+ Kxb5 36. Rd5+ Kc6 37. Rxf5 Kd6 38. h4 Ke6 39. Re5+ Kf7 40. Kd4 h6 41. h5 Kg8 42. g6 c6 43. Re8# 1-0